| 000 | 01841nam a2200241Ia 4500 | ||
|---|---|---|---|
| 003 | OSt | ||
| 005 | 20210728132808.0 | ||
| 008 | 210310s1998 ck ad fr 100 0 spa d | ||
| 020 | _a9374407865 | ||
| 040 |
_aCO-JMCR _cCO-JMCR |
||
| 041 | 0 | _aspa | |
| 082 | 0 | 4 |
_a332.672 / _bS612s _223 |
| 111 | 2 |
_aSimposio Nacional de Administradores de Portafolios de inversión _n( 1er : _dabril 22, 23 y 24 : _cMedellín) _938833 |
|
| 245 | 1 | 0 |
_aI Simposio Nacional de Administradores de Portafolios de Inversión : _bmemorias / _cAsociación de Fiduciarias |
| 250 | _aPrimera edición | ||
| 260 |
_aMedellín : _bAsociación de Fiduciarias, _c1998 |
||
| 300 |
_a161 páginas : _bilustraciones y gráficas a blanco y negro ; _c28 cm. |
||
| 505 | 0 |
_tColombia frente a la globalización de los mercados de capitales internacionales / _rLeonardo Villar Gómez _tAdministración de portafolios de alta calidad y estándares de rendimiento / _rClaudio Brocado _tAsimetría de la regulación y arbitrajes / _rNéstor Humberto Martínez Neira _tAspectos neurálgicos de la gestión y desarrollo del manejo de portafolios en Colombia / _rGabriel Flórez Blair, Álvaro Jaramillo Escallón, Juan Pablo Córdoba Garcés, Mauricio Amador Andrade, Augusto Acosta Torres, Hugo Díaz Baez _tPosibilidades de desarrollo del mercado de capitales en el entorno colombiano: La visión de las Bolsas / _rAugusto Acosta Torres, Julián Domínguez Rivera, Luis Fernando Uribe Restrepo _tLa aplicación de los derivados como herramienta de cubrimiento en la gestión de portafolios / _rChristopher A. Hessel |
|
| 650 | 1 | 4 |
_aPortafolio de inversiones _916361 _xCongresos, conferencias, etc. _zColombia |
| 650 | 2 | 4 |
_aMercado de capitales _xCongresos, conferencias, etc. _zColombia _938834 |
| 650 | 2 | 4 |
_aBolsa de valores _xCongresos, conferencias, etc. _zColombia _938835 |
| 942 |
_2ddc _cBK |
||
| 999 |
_c8110 _d8110 |
||